| 000 | 01332cas a2200421 a 4500 | ||
|---|---|---|---|
| 001 | data | ||
| 005 | 20260322212117.0 | ||
| 008 | data | ||
| 035 | _a11376917 | ||
| 906 |
_a7 _bcbc _cserials _d4 _encip _f19 _gn-oclcserc |
||
| 010 | _a 90657704 | ||
| 030 | _aIHNOEC | ||
| 035 | _a(OCoLC)22271218 | ||
| 040 |
_aDLC _beng _cDLC _dOCLCQ _dOCLCQ _dOCLCO _dOCLCF _dOCLCQ |
||
| 041 | 0 |
_aeng _aeng _beng |
|
| 042 | _apcc | ||
| 050 | 0 | 0 |
_aQ4 _b.I435 |
| 130 | 0 | _aIhak nonjip (Koryŏ Taehakkyo. Ikwa Taehak) | |
| 245 | 1 | 0 | _aIhak nonjip. |
| 246 | 1 | 3 | _aJournal of natural sciences |
| 260 |
_aSŏul : _bKoryŏ Taehakkyo Ikwa Taehak |
||
| 300 |
_avolumes : _billustrations ; _c26 cm |
||
| 336 |
_atext _btxt _2rdacontent |
||
| 337 |
_aunmediated _bn _2rdamedia |
||
| 338 |
_avolume _bnc _2rdacarrier |
||
| 510 | 2 |
_aChemical abstracts _x0009-2258 |
|
| 546 | _aKorean and English, with summaries in English. | ||
| 588 | _aDescription based on: Che 27-chip, published in 1986. | ||
| 590 | _aSERBIB/SERLOC merged record | ||
| 650 | 0 | _aScience. | |
| 650 | 7 |
_aScience. _2fast _0(OCoLC)fst01108176 |
|
| 710 | 2 |
_aKoryŏ Taehakkyo. _bIkwa Taehak. |
|
| 890 |
_aIhak nonjip (Koryŏ Taehakkyo. Ikwa Taehak) _i90-657704/AK |
||
| 920 | _aChecked in Asian | ||
| 991 |
_bc-Asian _hQ4 _i.I435 _mKorea _wSERIALS |
||
| 992 |
_bAsian _wSERLOC |
||
| 999 |
_c1775 _d1775 |
||